Animal Body Parts - Statistics

General Stats
  • This quiz has been taken 99 times
  • The average score is 11 of 16
Answer Stats
Picture Answer % Correct
Tail
100%
Wing
99%
Trunk
97%
Fin
92%
Claw
91%
Beak
89%
Hoof
86%
Gill
82%
Talon
80%
Quill
71%
Rattle
61%
Mandible
53%
Comb
26%
Proboscis
26%
Bell
17%
Spinneret
13%
No matching quizzes found
Score Distribution
Percent of People with Each Score
Percentile by Number Answered
Your Score History
You have not taken this quiz